| 000 | 00339nam a2200097Ia 4500 | ||
|---|---|---|---|
| 008 | 220120s9999||||xx |||||||||||||| ||und|| | ||
| 100 |
_aAneetha Devasia, Anu, Athira and Theertha Madhumohan _912630 |
||
| 245 | 0 | _aSmart ration card using RFID and GSM technique | |
| 260 |
_aCoorg Institute of Technology _bPonnampet _c2016 |
||
| 650 | _aMECHANICAL | ||
| 999 |
_c138228 _d138228 |
||